| Tag |
First Indicator |
Second Indicator |
Subfields |
| LEADER |
00000cas a2200000 a 4500 |
| 001 |
in00000072639 |
| 005 |
20151008054555.0 |
| 008 |
761019d19761981txumr1p 0uuua0eng d |
| 010 |
|
|
|a sc 79004124
|z sn 79000252
|
| 012 |
|
|
|a 2
|e n
|k 1
|m c
|
| 022 |
0 |
|
|a 0194-6226
|
| 035 |
|
|
|a (OCoLC)02514254
|
| 035 |
|
|
|9 AAJ1056AM
|
| 037 |
|
|
|b Solar Engineering Publishers, 8435 N. Stemmons Freeway, Suite 880, Dallas, TX 75217
|
| 040 |
|
|
|a AZS
|c AZS
|d COO
|d NSD
|d MUL
|d DLC
|d TXA
|d UtOrBLW
|
| 042 |
|
|
|a nsdp
|a lc
|
| 049 |
|
|
|a TXAE
|
| 090 |
|
|
|a TJ810
|b .S678
|
| 222 |
|
0 |
|a Solar engineering magazine
|
| 245 |
0 |
0 |
|a Solar engineering magazine.
|
| 246 |
1 |
7 |
|a Solar engineering
|
| 264 |
|
1 |
|a Dallas :
|b Solar Engineering Publishers,
|c 1976-1981.
|
| 300 |
|
|
|a 6 volumes :
|b illustrations ;
|c 28 cm.
|
| 310 |
|
|
|a Monthly
|
| 336 |
|
|
|a text
|b txt
|2 rdacontent
|
| 337 |
|
|
|a unmediated
|b n
|2 rdamedia
|
| 338 |
|
|
|a volume
|b nc
|2 rdacarrier
|
| 362 |
0 |
|
|a Vol. 1, no. 5 (June/July 1976)-v. 6, no. 12 (Dec. 1981).
|
| 500 |
|
|
|a "Official publication of the Solar Energy Industries Association."
|
| 650 |
|
0 |
|a Solar energy
|v Periodicals.
|
| 650 |
|
0 |
|a Solar houses
|x Periodicals.
|
| 710 |
2 |
|
|a Solar Energy Industries Association.
|
| 780 |
0 |
0 |
|t Solar engineering
|x 0363-6003
|
| 785 |
0 |
0 |
|t Solar engineering & contracting
|w (DLC) 82641771
|w (OCoLC)8139832
|
| 948 |
|
|
|a t1
|
| 999 |
|
|
|a MARS
|
| 999 |
f |
f |
|s d11248ac-c761-37ea-91a8-471dace929be
|i f7631cef-c982-3bdf-8f59-afdb34c54769
|t 0
|
| 952 |
f |
f |
|p ric
|a Texas A&M University
|b Rellis Campus
|c Joint Library Facility
|d Remote Storage
|t 0
|e TJ810 .S678
|h Library of Congress classification
|i unmediated -- volume
|k 5:no.1-6
|l 1980:Jan.-May
|m A14842208663
|
| 952 |
f |
f |
|p ric
|a Texas A&M University
|b Rellis Campus
|c Joint Library Facility
|d Remote Storage
|t 0
|e TJ810 .S678
|h Library of Congress classification
|i unmediated -- volume
|k v.5:no.8-9,11-13
|l 1980:July-Aug.,Oct.-Dec.
|m A14842208630
|
| 952 |
f |
f |
|p default
|a Texas A&M University
|b College Station
|c Sterling C. Evans Library
|d Evans: Microforms (3rd floor)
|t 0
|e fiche S 255
|h Other scheme
|i unmediated -- volume
|
| 952 |
f |
f |
|p ric
|a Texas A&M University
|b Rellis Campus
|c Joint Library Facility
|d Remote Storage
|t 0
|e TJ810 .S678
|h Library of Congress classification
|i unmediated -- volume
|k 6:no.1-12
|l 1981:Jan.-Dec.
|m A14842208622
|
| 952 |
f |
f |
|p ric
|a Texas A&M University
|b Rellis Campus
|c Joint Library Facility
|d Remote Storage
|t 0
|e TJ810 .S678
|h Library of Congress classification
|i unmediated -- volume
|k v.4:no.9
|l 1979:Sept.
|m A14842208648
|
| 998 |
f |
f |
|a fiche S 255
|s v.2 (1977)-v.6 (1981)
|t 0
|l Evans: Microforms (3rd floor)
|
| 998 |
f |
f |
|a TJ810 .S678
|s v.5 (1980)-v.6 (1981)
|t 0
|l Remote Storage
|